The East India trade in the XVIIth century in its political and economic aspects / (Record no. 64097)
[ view plain ]
| 000 -LEADER | |
|---|---|
| fixed length control field | 00810nam a2200241 a 4500 |
| 001 - CONTROL NUMBER | |
| control field | 64097 |
| 003 - CONTROL NUMBER IDENTIFIER | |
| rucl marc code | BD-RjUL |
| 005 - DATE AND TIME OF LATEST TRANSACTION | |
| control field | 20211209081254.0 |
| 008 - FIXED-LENGTH DATA ELEMENTS--GENERAL INFORMATION | |
| fixed length control field | 780710s1923 ii 001 0 eng d |
| 035 ## - SYSTEM CONTROL NUMBER | |
| System control number | (BD-RjUL)64227 |
| 040 ## - CATALOGING SOURCE | |
| Original cataloging agency | BD-RjUL |
| Transcribing agency | BD-RjUL |
| Modifying agency | BD-RjUL |
| Language of cataloging | eng |
| 041 ## - LANGUAGE CODE | |
| Language code of text/sound track or separate title | eng |
| 082 ## - DEWEY DECIMAL CLASSIFICATION NUMBER | |
| Edition number | 23 |
| Classification number | 382.4254 |
| Author mark and year | KHE 1923 |
| 100 1# - MAIN ENTRY--PERSONAL NAME | |
| Personal name | Khan, Shafaʾat Ahmad, |
| Dates associated with a name | 1893-1947. |
| 9 (RLIN) | 190372 |
| 245 14 - TITLE STATEMENT | |
| Title | The East India trade in the XVIIth century in its political and economic aspects / |
| Statement of responsibility, etc. | by Shafaat Ahmad Khan. |
| 260 ## - PUBLICATION, DISTRIBUTION, ETC. (IMPRINT) | |
| Name of publisher, distributor, etc. | New Delhi : |
| Place of publication, distribution, etc. | S. Chand & Co., |
| Date of publication, distribution, etc. | [1923 ?] |
| 300 ## - PHYSICAL DESCRIPTION | |
| Pagination | vii, 325 p. ; |
| Size | 23 cm. |
| 500 ## - GENERAL NOTE | |
| General note | Includes index |
| 610 20 - SUBJECT ADDED ENTRY--CORPORATE NAME | |
| Corporate name or jurisdiction name as entry element | East India Company. |
| 651 #0 - SUBJECT ADDED ENTRY--GEOGRAPHIC NAME | |
| Geographic name | East Indies |
| General subdivision | Commerce |
| Geographic subdivision | Great Britain. |
| 9 (RLIN) | 190373 |
| Geographic name | Great Britain |
| General subdivision | Commerce |
| Geographic subdivision | East Indies. |
| 9 (RLIN) | 190374 |
| 942 ## - ADDED ENTRY ELEMENTS (KOHA) | |
| Source of classification or shelving scheme | Dewey Decimal Classification |
| Koha item type | Books |
| Lost status | Source of classification or shelving scheme | Damaged status | Not for loan | Collection code | Permanent Location | Current Location | Shelving location | Date acquired | Source of acquisition | Cost, normal purchase price | Total Checkouts | Full call number | Date last seen | Copy number | Koha item type |
|---|---|---|---|---|---|---|---|---|---|---|---|---|---|---|---|
| Dewey Decimal Classification | Not For Loan | Non-fiction | Central Library, University of Rajshahi | Central Library, University of Rajshahi | Reading Room | 10/05/1980 | K. P. Bagchi Cal. | 75.00 | 382.4254 KHE 1923 | 08/02/2017 | C-1 | Books |